000 00312nam a2200121Ia 4500
008 220217s9999 xx 000 0 und d
245 0 _aBrush, rubber squeezer, with handle- Specification.
260 _c1992
500 _aStandard number: IS 13348
650 _aBrush
650 _aRubber squeezer
942 _cST
999 _c73542
_d73542